Etudes sur la selection chez l'homme / (Record no. 83653)
[ view plain ]
| 000 -LEADER | |
|---|---|
| campo de control de longitud fija | 00594nam a2200193 i 4500 |
| 001 - NÚMERO DE CONTROL | |
| campo de control | 83653 |
| 003 - IDENTIFICADOR DE NÚMERO DE CONTROL | |
| campo de control | ES-MaACL |
| 005 - FECHA Y HORA DE LA ÚLTIMA TRANSACCIÓN | |
| campo de control | 20250722183308.0 |
| 007 - CAMPO FIJO DE DESCRIPCIÓN FÍSICA--INFORMACIÓN GENERAL | |
| campo de control de longitud fija | t| |
| 008 - DATOS DE LONGITUD FIJA--INFORMACIÓN GENERAL | |
| campo de control de longitud fija | 041117s1904 fr ||||1| fre d |
| 100 1# - ENTRADA PRINCIPAL--NOMBRE DE PERSONA | |
| Nombre de persona | Jacoby, Paul. |
| 9 (RLIN) | 65864 |
| 245 10 - MENCIÓN DEL TÍTULO | |
| Título | Etudes sur la selection chez l'homme / |
| Mención de responsabilidad, etc. | par Paul Jacoby ; avant propos par M. Gabriel Tarde. |
| 250 ## - MENCION DE EDICION | |
| Mención de edición | 2éme éd. |
| 260 ## - PUBLICACIÓN, DISTRIBUCIÓN, ETC. | |
| Lugar de publicación, distribución, etc. | Paris : |
| Nombre del editor, distribuidor, etc. | [s.n.], |
| Fecha de publicación, distribución, etc. | 1904 ( |
| Lugar de fabricación/manufactura | Evreux : |
| Fabricante | Ch. Hérissey) |
| 300 ## - DESCRIPCIÓN FÍSICA | |
| Extensión | XVII, 618 p. ; |
| Dimensiones | 23 cm. |
| 700 1# - ENTRADA AGREGADA--NOMBRE PERSONAL | |
| Nombre de persona | Tarde, Gabriel de, |
| Fechas asociadas al nombre | 1843-1904 |
| 9 (RLIN) | 133127 |
| 852 ## - LOCALIZACIÓN | |
| Ubicación | ES-MaACL |
| Número de control de estantería | B-6610 |
| Estatus retirado | Estado de pérdida | Estado de daño | No para préstamo | Biblioteca de origen | Biblioteca actual | Ubicación en estantería | Fecha de adquisición | Fuente de adquisición | Total de préstamos | Signatura topográfica completa | Código de barras | Visto por última vez | Precio de reemplazo | Tipo de ítem Koha |
|---|---|---|---|---|---|---|---|---|---|---|---|---|---|---|
| Biblioteca del Ateneo de Madrid | Biblioteca del Ateneo de Madrid | Sala Pardo Bazán | 17/01/2008 | B-6610 | 1087430 | 23/02/2023 | 23/02/2023 | Libro impreso |
